banner-ar

المساحة الجيولوجية ومساحة المناجم والانفاق / (Record no. 48048)

MARC details
000 -الفاتح
حقل البيانات ثابتة الطول 00753nam a2200229Ia 4500
008 - عناصر البيانات ثابتة الطول - معلومات عامة
حقل البيانات ثابتة الطول 140319s9999 xx 000 0 ara d
040 ## - مصدر الفهرسة
وكالة الفهرسة الأصلية GCL /
وكالة النسخ GCL
082 04 - رقم تصنيف ديوى العشرى
رقم التصنيف 622.14
رقم المادة م م
100 1# - المدخل الرئيسى - إسم شخصى
الإسم الشخصى محيى الدين حسين
245 10 - بيان العنوان
العنوان المساحة الجيولوجية ومساحة المناجم والانفاق /
بيان المسئوليه,etc محيى الدين حسين
700 1# - المدخل الاضافى - اسم شخصى
الإسم الشخصى سعيد على صالح
700 1# - المدخل الاضافى - اسم شخصى
الإسم الشخصى محمد رضا صالح
700 1# - المدخل الاضافى - اسم شخصى
الإسم الشخصى عبدالظاهر ابوزيد
260 ## - PUBLICATION, DISTRIBUTION, ETC. (IMPRINT)
تاريخ النشر أو التوزيع 1979
490 ## - بيان السلسلة
عنوان السلسلة
650 04 - المدخل الاضافى بالموضوع-مصطلح موضوعى
مصطلح موضوعي الهندسة
650 04 - المدخل الاضافى بالموضوع-مصطلح موضوعى
مصطلح موضوعي هندسة التعدين
650 04 - المدخل الاضافى بالموضوع-مصطلح موضوعى
مصطلح موضوعي هندسة المناجم
650 04 - المدخل الاضافى بالموضوع-مصطلح موضوعى
مصطلح موضوعي المساحة الجيولوجية
942 ## - عناصر المدخل الإضافي( كوها)
مصدر التصنيف او مخطط الترفيف Dewey Decimal Classification
Koha [default] item type كتاب
260 ## - PUBLICATION, DISTRIBUTION, ETC. (IMPRINT)
-- [S.N] :
-- دار المعارف ،
Holdings
حالة التراجع حالة الفقد حالة تلف ليس للاعارة المكان المؤقت الموقع الحالى تاريخ الاكتساب اجمالي اﻻعارات رقم الطلب الباركود تاريخ اخر مشاهدة تاريخ تفعيل السعر نوع وعاء كوها
        مكتبة القاهرة الكبرى مكتبة القاهرة الكبرى 03/26/2014   622.14\م م 115920 03/26/2014 03/26/2014 كتاب
        مكتبة القاهرة الكبرى مكتبة القاهرة الكبرى 03/26/2014   622.14\م م 115921 03/26/2014 03/26/2014 كتاب

Powered By

EGPV